000 00613nam a22001817a 4500
005 20140307114527.0
010 _aENG-109019
020 _a9788180389887
_c445.00
035 _aEN-92552
037 _bDBAD/PUB
082 _a346.54066
245 _aLexisNexis the companies act, 2013 :
_bact 18 of 2013
260 _aGurgaon
_bLexis Nexis
_c2013
270 _a14th floor, Building No 10, Tower-B, DLF Cyber City, Phase-ll,
_bGurgaon
_e122002
300 _a830p.
_c24cm(pbk)
505 _aKey highlights and quick reference tables prepared by Vinod Kothari
942 _2ddc
_cEN
_mLEX
_h346.54066
999 _c81517
_d81517